00715nam a22002057a 450000500170000001000150001702000260003203500140005803700090007208200080008110000250008924500740011425000060018826000340019427000700022830000200029894200220031899900190034095201500035920241210125126.0 aENG-142903 a9789392210099c450.00 aEN-126435 bDBAD a921 aMundy, Talbot974888 aHira Singh: bWhen India Came to Fight in Flanders/cBy Talbot Mundy  a1 aChandigarhbThe Browserc2023 bChandigarhaSCO 14-15, Sector 8-Ce160009mservice@thebrowser.org a251p.c21cm(pb) 2ddccENh921mMUN c207520d207520 001040708NFICaRKPbRKPd2024-12-10eDelivery of Books Divisiong495.00l0o921 MUNpEN-126435r2024-12-10 00:00:00t1v495.00w2024-12-10yEN